Countries by Second-Largest City #2 - Statistics

General Stats
  • This quiz has been taken 1,656 times
  • The average score is 13 of 20
Answer Stats
Hint Answer % Correct
Fez Morocco
92%
Aleppo Syria
92%
Mombasa Kenya
86%
Mosul Iraq
85%
Graz Austria
84%
Brno Czech Republic
79%
Surabaya Indonesia
79%
Benghazi Libya
77%
Cluj-Napoca Romania
76%
Espoo Finland
74%
Kaunas Lithuania
71%
Limassol Cyprus
66%
Lubumbashi Democratic Republic of the Congo
63%
Arequipa Peru
61%
San Pedro Sula Honduras
50%
Batumi Georgia
46%
Bulawayo Zimbabwe
39%
Salto Uruguay
36%
Seeb Oman
22%
Bo Sierra Leone
17%
No matching quizzes found
Score Distribution
Percent of People with Each Score
Percentile by Number Answered
Your Score History
You have not taken this quiz